<?xml version="1.0" encoding="UTF-8"?>
<record
    xmlns:xsi="http://www.w3.org/2001/XMLSchema-instance"
    xsi:schemaLocation="http://www.loc.gov/MARC21/slim http://www.loc.gov/standards/marcxml/schema/MARC21slim.xsd"
    xmlns="http://www.loc.gov/MARC21/slim">

  <leader>00569nam a22001577a 4500</leader>
  <controlfield tag="008">230914b        |||||||| |||| 00| 0 eng d</controlfield>
  <datafield tag="020" ind1=" " ind2=" ">
    <subfield code="a">9787113297228</subfield>
  </datafield>
  <datafield tag="050" ind1=" " ind2=" ">
    <subfield code="a">LC1042.5</subfield>
    <subfield code="b"> .J56 2022</subfield>
  </datafield>
  <datafield tag="100" ind1=" " ind2=" ">
    <subfield code="a">JingQuan, Lv </subfield>
  </datafield>
  <datafield tag="245" ind1=" " ind2=" ">
    <subfield code="a">EPIP :</subfield>
    <subfield code="b">Modeling Principle discourse application/</subfield>
    <subfield code="c">Lv JingQuan,Zhai Fengjie,Zhang Lei</subfield>
  </datafield>
  <datafield tag="260" ind1=" " ind2=" ">
    <subfield code="a">China :</subfield>
    <subfield code="b">China Railway Press,</subfield>
    <subfield code="c">2022</subfield>
  </datafield>
  <datafield tag="300" ind1=" " ind2=" ">
    <subfield code="a">119p. ;</subfield>
  </datafield>
  <datafield tag="490" ind1=" " ind2=" ">
    <subfield code="a">Book series for luban workshop international development research </subfield>
  </datafield>
  <datafield tag="650" ind1=" " ind2=" ">
    <subfield code="a">Vocational Training</subfield>
  </datafield>
  <datafield tag="942" ind1=" " ind2=" ">
    <subfield code="2">lcc</subfield>
    <subfield code="c">BOOKS</subfield>
    <subfield code="h">LC1042.5 .J56 2022</subfield>
  </datafield>
  <datafield tag="999" ind1=" " ind2=" ">
    <subfield code="c">31850</subfield>
    <subfield code="d">31850</subfield>
  </datafield>
  <datafield tag="952" ind1=" " ind2=" ">
    <subfield code="0">0</subfield>
    <subfield code="1">0</subfield>
    <subfield code="2">lcc</subfield>
    <subfield code="4">0</subfield>
    <subfield code="7">0</subfield>
    <subfield code="a">MUC</subfield>
    <subfield code="b">MUC</subfield>
    <subfield code="c">GEN</subfield>
    <subfield code="d">2023-09-14</subfield>
    <subfield code="e">Donation-DVC RIL</subfield>
    <subfield code="g">14052.00</subfield>
    <subfield code="l">0</subfield>
    <subfield code="o">LC1042.5 .J56 2022</subfield>
    <subfield code="p">39657</subfield>
    <subfield code="r">2023-09-14</subfield>
    <subfield code="w">2023-09-14</subfield>
    <subfield code="y">BOOKS</subfield>
  </datafield>
  <datafield tag="952" ind1=" " ind2=" ">
    <subfield code="0">0</subfield>
    <subfield code="1">0</subfield>
    <subfield code="2">lcc</subfield>
    <subfield code="4">0</subfield>
    <subfield code="7">0</subfield>
    <subfield code="a">MUC</subfield>
    <subfield code="b">MUC</subfield>
    <subfield code="c">GEN</subfield>
    <subfield code="d">2023-09-14</subfield>
    <subfield code="e">Donation-DVC RIL</subfield>
    <subfield code="g">14052.00</subfield>
    <subfield code="l">0</subfield>
    <subfield code="o">LC1042.5 .J56 2022</subfield>
    <subfield code="p">39658</subfield>
    <subfield code="r">2023-09-14</subfield>
    <subfield code="w">2023-09-14</subfield>
    <subfield code="y">BOOKS</subfield>
  </datafield>
  <datafield tag="952" ind1=" " ind2=" ">
    <subfield code="0">0</subfield>
    <subfield code="1">0</subfield>
    <subfield code="2">lcc</subfield>
    <subfield code="4">0</subfield>
    <subfield code="7">0</subfield>
    <subfield code="a">MUC</subfield>
    <subfield code="b">MUC</subfield>
    <subfield code="c">GEN</subfield>
    <subfield code="d">2024-01-31</subfield>
    <subfield code="e">Donation-VC Prof. J Agalo</subfield>
    <subfield code="g">14052.00</subfield>
    <subfield code="l">0</subfield>
    <subfield code="o">LC1042.5 .J56 2022</subfield>
    <subfield code="p">39767</subfield>
    <subfield code="r">2024-02-16</subfield>
    <subfield code="w">2024-02-13</subfield>
    <subfield code="y">BOOKS</subfield>
  </datafield>
  <datafield tag="952" ind1=" " ind2=" ">
    <subfield code="0">0</subfield>
    <subfield code="1">0</subfield>
    <subfield code="2">lcc</subfield>
    <subfield code="4">0</subfield>
    <subfield code="7">0</subfield>
    <subfield code="a">MUC</subfield>
    <subfield code="b">MUC</subfield>
    <subfield code="c">GEN</subfield>
    <subfield code="d">2025-04-03</subfield>
    <subfield code="e">Donation- Luban</subfield>
    <subfield code="g">14052.00</subfield>
    <subfield code="l">0</subfield>
    <subfield code="o">LC1042.5 .J56 2022</subfield>
    <subfield code="p">40112</subfield>
    <subfield code="r">2025-04-03</subfield>
    <subfield code="w">2025-04-03</subfield>
    <subfield code="y">BOOKS</subfield>
  </datafield>
  <datafield tag="952" ind1=" " ind2=" ">
    <subfield code="0">0</subfield>
    <subfield code="1">0</subfield>
    <subfield code="2">lcc</subfield>
    <subfield code="4">0</subfield>
    <subfield code="7">0</subfield>
    <subfield code="a">MUC</subfield>
    <subfield code="b">MUC</subfield>
    <subfield code="c">GEN</subfield>
    <subfield code="d">2025-04-03</subfield>
    <subfield code="e">Donation- Luban</subfield>
    <subfield code="g">14052.00</subfield>
    <subfield code="l">0</subfield>
    <subfield code="o">LC1042.5 .J56 2022</subfield>
    <subfield code="p">40113</subfield>
    <subfield code="r">2025-04-03</subfield>
    <subfield code="w">2025-04-03</subfield>
    <subfield code="y">BOOKS</subfield>
  </datafield>
  <datafield tag="952" ind1=" " ind2=" ">
    <subfield code="0">0</subfield>
    <subfield code="1">0</subfield>
    <subfield code="2">lcc</subfield>
    <subfield code="4">0</subfield>
    <subfield code="7">0</subfield>
    <subfield code="a">MUC</subfield>
    <subfield code="b">MUC</subfield>
    <subfield code="c">GEN</subfield>
    <subfield code="d">2025-04-03</subfield>
    <subfield code="e">Donation- Luban</subfield>
    <subfield code="g">14052.00</subfield>
    <subfield code="l">0</subfield>
    <subfield code="o">LC1042.5 .J56 2022</subfield>
    <subfield code="p">40117</subfield>
    <subfield code="r">2025-04-03</subfield>
    <subfield code="w">2025-04-03</subfield>
    <subfield code="y">BOOKS</subfield>
  </datafield>
  <datafield tag="952" ind1=" " ind2=" ">
    <subfield code="0">0</subfield>
    <subfield code="1">0</subfield>
    <subfield code="2">lcc</subfield>
    <subfield code="4">0</subfield>
    <subfield code="7">0</subfield>
    <subfield code="a">MUC</subfield>
    <subfield code="b">MUC</subfield>
    <subfield code="c">GEN</subfield>
    <subfield code="d">2025-04-03</subfield>
    <subfield code="e">Donation- Luban</subfield>
    <subfield code="g">14052.00</subfield>
    <subfield code="l">0</subfield>
    <subfield code="o">LC1042.5 .J56 2022</subfield>
    <subfield code="p">40115</subfield>
    <subfield code="r">2025-04-03</subfield>
    <subfield code="w">2025-04-03</subfield>
    <subfield code="y">BOOKS</subfield>
  </datafield>
</record>
